Geography Quiz

Random Geography or State Quiz

States of India Quiz Stats

 Plays Quiz Updated Oct 9, 2018

Score 0/29 Timer 07:00
19 Plays Today
State % Correct
Goa
84.1%
Punjab
82.8%
Jammu and Kashmir
82.6%
Gujarat
76.7%
Kerala
76.1%
Uttar Pradesh
76.1%
Tamil Nadu
75.4%
Rajasthan
73%
West Bengal
73%
Assam
70.4%
Sikkim
66%
Bihar
65.1%
Andhra Pradesh
64.4%
Maharashtra
64.1%
Odisha
63.8%
State % Correct
Karnataka
62.5%
Madhya Pradesh
61.5%
Haryana
59.5%
Himachal Pradesh
58.7%
Nagaland
56.9%
Manipur
53.5%
Telangana
53.3%
Arunachal Pradesh
51.9%
Mizoram
50.8%
Jharkhand
49.5%
Uttarakhand
49.1%
Tripura
48.5%
Meghalaya
44.2%
Chhattisgarh
42.9%

You're not logged in!

Compare scores with friends on all Sporcle quizzes.
OR
Log In

Sporcle TV

Today on Sporcle TV


Watch our educational content, quiz creation guides, and fun videos on Sporcle TV.

Show Comments

Extras

Top Quizzes Today


Score Distribution

Your Account Isn't Verified!

In order to create a playlist on Sporcle, you need to verify the email address you used during registration. Go to your Sporcle Settings to finish the process.

Report this User

Report this user for behavior that violates our Community Guidelines.

Details: